000 00802nam a2200193 4500
001 122331
003 ES-MaACL
005 20250902003933.0
007 t|
008 070214s1968 sp r ||||1| spa d
100 1 _aPrieto Escudero, Germán.
_993926
245 1 3 _aLa seguridad social agraria
_b: problemas y soluciones /
_cpor Germán Prieto Escudero.
260 _aBilbao :
_bAsociación de Licenciados en Ciencias Económicas por la Universidad Comercial de Deusto,
_c1968.
300 _a8 h. ;
_c22 cm.
500 _aEs tirada aparte de: Boletín de Estudios Económicos, v. XXIII, agosto 1968, pp. 275 - 288.
710 2 _aAsociación de Licenciados en Ciencias Económicas por la Universidad Comercial de Deusto
_91613
852 _aES-MaACL
_j2067-F-2
_bR.68097
999 _c122331
_d122331